| 000 | 00726 a2200193 4500 | ||
|---|---|---|---|
| 003 | Nust | ||
| 005 | 20170207154025.0 | ||
| 010 | _a 2001089831 | ||
| 020 | _a0782129390 | ||
| 040 | _cNust | ||
| 100 | 1 | _aSmith, Roderick. | |
| 245 | 1 | 0 |
_aLinux study guide (E-BOOK) _cRoderick Smith. |
| 250 | _a1st. | ||
| 260 |
_aSan Francisco, CA : _bSybex Inc., _c2001. |
||
| 300 |
_ap. ; _ccm. |
||
| 505 | _a Planning the Implementation - Installing Linux - Software Management - Users and Security – Networking - Managing Files and Services - Managing Partitions and Processes - Hardware Issues – Troubleshooting - | ||
| 651 | _aE-BOOK | ||
| 856 | 4 | 2 |
_3Publisher description _uhttp://www.loc.gov/catdir/enhancements/fy0611/2001089831-d.html |
| 942 |
_2ddc _cBK |
||
| 999 |
_c191839 _d191839 |
||